000 00755aam a2200337a 44500
008 191105s2018 cat
017 _a97-2018
020 _a9788490347041
041 _acat
100 _aOlivé, Roc
_974226
245 _aGuia dels animals
245 _cRoc Olivé
260 _aValls
260 _bCossetània
260 _c2018
300 _a54 p.
_bil.
365 _b14.50
365 _ceuros
520 _aaprox. 500
591 _a10786
592 _aObra terminològica
593 _aDG
594 _a10786
650 _azoologia
_960588
901 _c<2018>
902 _a191105
942 _cMO
_n0
999 _c67570
_d67570